Analyis of organoaluminium and organozinc compounds
Đã lưu trong:
| Príomhúdar: | |
|---|---|
| Formáid: | Leabhar |
| Teanga: | Undetermined |
| Foilsithe: |
Oxford
Pergamon Press
1968
|
| Ábhair: | |
| Clibeanna: |
Cuir Clib Leis
Gan Chlibeanna, Bí ar an gcéad duine leis an taifead seo a chlibeáil!
|
| Thư viện lưu trữ: | Trung tâm Học liệu Trường Đại học Cần Thơ |
|---|
| LEADER | 00496nam a2200181Ia 4500 | ||
|---|---|---|---|
| 001 | CTU_28277 | ||
| 008 | 210402s9999 xx 000 0 und d | ||
| 082 | |a 546.6 | ||
| 082 | |b C945 | ||
| 100 | |a T R Crompton | ||
| 245 | 0 | |a Analyis of organoaluminium and organozinc compounds | |
| 245 | 0 | |c T R Crompton | |
| 260 | |a Oxford | ||
| 260 | |b Pergamon Press | ||
| 260 | |c 1968 | ||
| 650 | |a analytical chemistry | ||
| 904 | |i Liên, 981118 | ||
| 980 | |a Trung tâm Học liệu Trường Đại học Cần Thơ | ||